| 000 | 00631nam a2200205 a 4500 | ||
|---|---|---|---|
| 001 | 000042520 | ||
| 005 | 20201002040216.0 | ||
| 008 | 131210s1993 sp 000 0 spa d | ||
| 020 | _a8472236706 | ||
| 040 |
_aDO-SdBNP _bspa _cBNPHU |
||
| 082 |
_axxxxx _bxxxxx |
||
| 100 | 1 |
_aSeguí, Josep Lluís, _d1945- _969733 |
|
| 245 | 1 | 3 |
_aLa amante fea / _cJosep Lluís Seguí. |
| 260 |
_aBarcelona, : _bTusQuets, _c1993. |
||
| 300 |
_a172 p. ; _c20 cm. |
||
| 490 | 1 |
_aLa sonrisa vertical _v85 |
|
| 500 | _aIncluye datos biográficos del autor en las solapas | ||
| 590 | _aInventariado, 2019/VM | ||
| 830 | 0 |
_aLa sonrisa vertical _n85 _969734 |
|
| 999 |
_c42009 _d42009 |
||